000 00293 a2200121 4500
001 60273
040 _cAnchieta - Pituba
240 1 0 _aBrujas y sus maravillas
_lpor
245 1 0 _aBrujas y sus maravillas
300 _a91
650 4 _aTratamento histórico e geográfico de pessoas
942 _cBK
999 _c60273
_d60273